| 000 | 00942nam a22002537a 4500 | ||
|---|---|---|---|
| 005 | 20080905095434.0 | ||
| 008 | 080905t xxu||||| |||| 00| 0 eng d | ||
| 010 | _aENG-90931 | ||
| 020 |
_a9788178803906 _c600.00 |
||
| 035 | _aEN-74464 | ||
| 037 | _bDBAD / PUB | ||
| 040 |
_aDPl _bEnglish |
||
| 082 | _a370.954 | ||
| 100 | _aSharma ,Suresh | ||
| 245 |
_aEducation in emerging Indian society / _cby Suresh Sharma |
||
| 260 |
_aNew Delhi _bRajat Publications _c2008 |
||
| 270 |
_a4675/21,Ansari Road, Darya Ganj, _bNew Delhi _e110002 _k23267924,22507277 |
||
| 300 |
_a272p. _c22 cm (Hb) |
||
| 500 | _aIncludes bibliographical references and Index | ||
| 650 |
_aEducation _zIndia |
||
| 650 |
_aEducational change _zIndia |
||
| 942 |
_2ddc _cEN _h370.954 _mSHA |
||
| 999 |
_c15347 _d15347 |
||